000
00284nam a2200121Ia 4500
008
190216s9999||||xx |||||||||||||| ||und||
100
_a
Hodder D W
245
0
_a
Economic Development In The Topics
260
_b
Methuen & Co
_c
1968
300
_a
263p
650
_a
Commerce
942
_c
BK
999
_c
4763
_d
4763